00556nam a2200145Ia 4500003000900000008004100009020002600050040001600076100003000092245010000122260003200222300002000254490003300274856010300307IN-BaIIA211028s9999 xx s 000 0 eng d a9780819413901 (Print) cIIA Library aSelander, J. Michael, ed. 0a22nd AIPR Workshop: Interdisciplinary Computer Vision: Applications and Changing Needsh[eBook] aWashington, USAbSPIEc1994 aOnline resource aProceedings of SPIE; V. 2103 uhttps://www.spiedigitallibrary.org/conference-proceedings-of-spie/2103yClick Here to Access eBook